| 000 | 00356pab a2200157 454500 | ||
|---|---|---|---|
| 008 | 180718b2008 xxu||||| |||| 00| 0 eng d | ||
| 100 | _aMishra, Kamal K. | ||
| 245 | _aOn "tribe" and "tribalism" | ||
| 260 | _c2008 | ||
| 300 | _ap.429-40. | ||
| 362 | _aOct-Dec | ||
| 650 | _aTribes | ||
| 773 | _aEastern Anthropologist | ||
| 908 | _aN | ||
| 909 | _a82225 | ||
| 999 |
_c82225 _d82225 |
||